Statistics for Guess the North America Countries

Click here to take the quiz!

General Stats

  • This quiz has been taken 54 times
  • The average score is 11 of 23

Answers on the Map

Answers color-coded by a green-red scale on the quiz's map according to % correct below.
 

Answer Stats

Answer% Correct
United States
85%
Canada
82%
Mexico
79%
Bahamas
67%
Jamaica
67%
Cuba
61%
Haiti
58%
Dominican Republic
52%
El Salvador
52%
Panama
52%
Belize
48%
Nicaragua
48%
Costa Rica
45%
Trinidad and Tobago
42%
Guatemala
39%
Honduras
36%
Grenada
33%
Barbados
30%
St. Lucia
27%
St. Vincent and the Grenadines
27%
Antigua and Barbuda
24%
Dominica
21%
St. Kitts and Nevis
18%

Score Distribution

Percentile by Number Answered

Percent of People with Each Score

Your Score History

You have not taken this quiz